000 00556nam a2200229Ia 4500
003 OSt
005 20220912153229.0
006 a|||||r|||| 00| 0
007 ta
008 220909b |||||||| |||| 00| 0 eng d
024 _a857
037 _cTextual
040 _aCSL
_beng
_cCSL
041 _aeng
082 _aB2838:7, M5
100 _aCohn Harvey
245 0 _aIntroduction to the construction of class fields
260 _c1985
300 _ap.
_ccm.
942 _hB2838:7, M5
_cTEXL
_2CC
999 _c99428
_d99428